00387nam a2200133Ia 4500082001700000100002500017245007400042250000800116260003400124300001000158504001900168650004000187650002600227 a010.44 ROB-; aRobinson, A.M. Lewin 0aSystematic bibliography: a practical guide to the work of compilation a3rd aNew YorkbClive Bingleyc1971 a123p. aIncludes index aBibliographical literature - London aLondon - Bibliography